| 000 | 00701nam a22002057a 4500 | ||
|---|---|---|---|
| 003 | OSt | ||
| 005 | 20180116182957.0 | ||
| 008 | 140529b xxu||||| |||| 00| 0 eng d | ||
| 020 | _a9787040207170 | ||
| 040 |
_a0 _b0 _c0 |
||
| 082 | _a951CHI 2010 | ||
| 100 | _aThe Oversease Chinese Affairs office of the State | ||
| 110 | _aThe Oversease Chinese Affairs office of the State | ||
| 245 |
_aCommon Knowledge About Chinese History _cThe Oversease Chinese Affairs ofrfice of the State |
||
| 260 |
_aChina _bHigher Eduction Press _c2010 |
||
| 300 |
_a270p. _bPB |
||
| 440 | _aCommon Knowledge About Chinese History | ||
| 610 | _aThe Oversease Chinese Affairs ofrfice of the State | ||
| 942 |
_2ddc _cBK |
||
| 999 |
_c349696 _d349696 |
||